[Event "BL2-Sued 1011"]
[Site "Germany"]
[Date "2011.01.16"]
[Round "5.5"]
[White "Roos, Jean Luc"]
[Black "Gamer, Torsten"]
[Result "1/2-1/2"]
[WhiteElo "2240"]
[BlackElo "2233"]
[PlyCount "39"]
[EventDate "2010.10.10"]
[EventType "team-tourn"]
[EventRounds "9"]
[EventCountry "GER"]
[SourceTitle "EXT 2012"]
[Source "ChessBase"]
[SourceDate "2011.11.24"]
[SourceVersion "1"]
[SourceVersionDate "2011.11.24"]
[SourceQuality "1"]
[WhiteTeam "Heidelberg Handschuhsheim"]
[BlackTeam "Untergrombach"]
[WhiteTeamCountry "GER"]
[BlackTeamCountry "GER"]

1. e4 e6 2. d4 d5 3. Nd2 Nf6 4. e5 Nfd7 5. Bd3 c5 6. c3 Nc6 7. Ne2 Qb6 8. Nf3 cxd4 9. cxd4 f6 10. exf6 Nxf6 11. 0-0 Bd6 12. b3 0-0 13. Bf4 Bxf4 14. Nxf4 Bd7 15. Re1 Rae8 16. Qd2 Kh8 17. Bc2 Qb4 18. Qe3 e5 19. a3 Qb6 20. dxe5 1/2-1/2

[Event "GER CupT qual"]
[Site "Germany"]
[Date "2010.01.16"]
[Round "1"]
[White "Britsch, Dennis"]
[Black "Gamer, Torsten"]
[Result "1/2-1/2"]
[WhiteElo "1958"]
[BlackElo "2253"]
[PlyCount "73"]
[EventDate "2010.01.16"]
[EventType "team-k.o."]
[EventRounds "1"]
[EventCountry "GER"]
[SourceTitle "CBM 134 Extra"]
[Source "ChessBase"]
[SourceDate "2010.03.03"]
[SourceVersion "1"]
[SourceVersionDate "2010.03.03"]
[SourceQuality "1"]

1. d4 d5 2. Bg5 h6 3. Bh4 c6 4. c3 Qb6 5. Qb3 Bf5 6. Nd2 Nd7 7. Ngf3 Ngf6 8. e3 e6 9. a3 Bd6 10. Be2 0-0 11. 0-0 Rfe8 12. Rac1 Ne4 13. Qxb6 Nxb6 14. Nxe4 Bxe4 15. Nd2 Bg6 16. c4 Nxc4 17. Nxc4 dxc4 18. Rxc4 Be4 19. Rd1 Bd5 20. Rcc1 g5 21. Bg3 Bxg3 22. hxg3 e5 23. g4 Kg7 24. Kf1 Re7 25. Rc3 Rae8 26. dxe5 Rxe5 27. Rd4 Re4 28. Rxe4 Bxe4 29. f3 Bg6 30. e4 Rd8 31. Bd3 Rd6 32. Ke2 b6 33. Ke3 f6 34. b4 Bf7 35. Bc2 Kf8 36. Ba4 b5 37. Bc2 1/2-1/2

[Event "BL2-Sued 0809"]
[Site "Germany"]
[Date "2009.03.01"]
[Round "7.3"]
[White "Gamer, Torsten"]
[Black "Postoev Birkenberg, Alexander"]
[Result "1/2-1/2"]
[WhiteElo "2265"]
[BlackElo "2360"]
[PlyCount "130"]
[EventDate "2008.10.05"]
[EventType "team-tourn"]
[EventRounds "9"]
[EventCountry "GER"]
[SourceTitle "CBM 129 Extra"]
[Source "ChessBase"]
[SourceDate "2009.05.05"]
[SourceVersion "2"]
[SourceVersionDate "2009.05.20"]
[SourceQuality "1"]
[WhiteTeam "Untergrombach"]
[BlackTeam "Heidelberg Handschuhsheim"]
[WhiteTeamCountry "GER"]
[BlackTeamCountry "GER"]

1. d4 e6 2. c4 Nf6 3. Nc3 Bb4 4. e3 0-0 5. Nge2 Re8 6. a3 Bf8 7. Ng3 d6 8. Bd3 Nbd7 9. 0-0 c5 10. b3 b6 11. Bb2 Bb7 12. Qc2 g6 13. Rad1 cxd4 14. exd4 Rc8 15. Rfe1 Qc7 16. Qb1 Bg7 17. Nge4 Nxe4 18. Bxe4 Bxe4 19. Qxe4 d5 20. cxd5 Nf6 21. Qe5 Nxd5 22. Qxc7 Nxc7 23. Rd3 Red8 24. Red1 Rd7 25. Kf1 Rcd8 26. Ne2 e5 27. a4 Ne6 28. d5 Nc5 29. R3d2 Nxb3 30. Rc2 Nc5 31. Nc3 f5 32. a5 e4 33. axb6 axb6 34. Ba3 Bxc3 35. Rxc3 Rxd5 36. Rxd5 Rxd5 37. Ke2 Rd3 38. Rxd3 exd3+ 39. Kd2 Kf7 40. f3 Ke6 41. Kc3 f4 42. Bc1 Kf5 43. Bd2 g5 44. h3 h5 45. Be1 g4 46. hxg4+ hxg4 47. Bh4 b5 48. Be7 b4+ 49. Kd2 b3 50. Kc3 Ne4+ 51. Kxd3 b2 52. Kc2 Nd2 53. Kxb2 gxf3 54. gxf3 Nxf3 55. Kc3 Ke4 56. Bd6 Ne5 57. Bxe5 Kxe5 58. Kd3 Kd5 59. Ke2 Ke4 60. Kf2 f3 61. Kf1 Kf4 62. Kf2 Ke4 63. Kf1 Ke3 64. Ke1 f2+ 65. Kf1 Kf3 1/2-1/2

[Event "BL2-Sued 0809"]
[Site "Germany"]
[Date "2009.01.18"]
[Round "5.6"]
[White "Meier, Volker"]
[Black "Gamer, Torsten"]
[Result "1/2-1/2"]
[WhiteElo "2300"]
[BlackElo "2265"]
[PlyCount "93"]
[EventDate "2008.10.05"]
[EventType "team-tourn"]
[EventRounds "9"]
[EventCountry "GER"]
[SourceTitle "CBM 129 Extra"]
[Source "ChessBase"]
[SourceDate "2009.05.05"]
[SourceVersion "2"]
[SourceVersionDate "2009.05.20"]
[SourceQuality "1"]
[WhiteTeam "Muenchen Tarrasch"]
[BlackTeam "Untergrombach"]
[WhiteTeamCountry "GER"]
[BlackTeamCountry "GER"]

1. e4 e6 2. d4 d5 3. Nd2 Nf6 4. e5 Nfd7 5. f4 c5 6. c3 Nc6 7. Ndf3 Qb6 8. g3 cxd4 9. cxd4 Bb4+ 10. Kf2 g5 11. fxg5 Ndxe5 12. Nxe5 Nxe5 13. Kg2 Nc6 14. Nf3 Bf8 15. b3 Bg7 16. Bb2 Bd7 17. Qd2 h6 18. Be2 a5 19. Bc3 Ne7 20. Rhf1 Nf5 21. Bd3 Nd6 22. Ne5 Bxe5 23. dxe5 Ne4 24. Bxe4 dxe4 25. Bd4 Bc6 26. Qe3 Qb5 27. gxh6 0-0-0 28. Rad1 Rd7 29. Kg1 Rhd8 30. Rd2 Qb4 31. Rfd1 Rd5 32. Bc3 Qe7 33. Bxa5 Rh8 34. Rxd5 exd5 35. Bc3 Qe6 36. Rf1 Rxh6 37. Qf4 Bb5 38. Rf2 Qb6 39. Bd4 Qxd4 40. Qxh6 e3 41. Qf8+ Kc7 42. Qxf7+ Kc8 43. Qf8+ Kc7 44. Qd6+ Kc8 45. Rf7 Qd1+ 46. Kg2 Qe2+ 47. Kg1 1/2-1/2

[Event "BL2-Sued 0809"]
[Site "Germany"]
[Date "2008.12.14"]
[Round "4.5"]
[White "Meinhardt, Maximilian"]
[Black "Gamer, Torsten"]
[Result "1-0"]
[WhiteElo "2370"]
[BlackElo "2265"]
[PlyCount "67"]
[EventDate "2008.10.05"]
[EventType "team-tourn"]
[EventRounds "9"]
[EventCountry "GER"]
[SourceTitle "CBM 129 Extra"]
[Source "ChessBase"]
[SourceDate "2009.05.05"]
[SourceVersion "2"]
[SourceVersionDate "2009.05.20"]
[SourceQuality "1"]
[WhiteTeam "Schwegenheim"]
[BlackTeam "Untergrombach"]
[WhiteTeamCountry "GER"]
[BlackTeamCountry "GER"]

1. e4 e6 2. d4 d5 3. e5 c5 4. c3 Nc6 5. Nf3 Bd7 6. dxc5 Bxc5 7. b4 Be7 8. Bd3 Qc7 9. Bf4 g5 10. Nxg5 Bxg5 11. Bxg5 Qxe5+ 12. Be3 Qg7 13. 0-0 Nf6 14. Re1 Rg8 15. Bf1 Ne4 16. f3 Nxc3 17. Nxc3 Qxc3 18. b5 Ne7 19. Bd4 Qa5 20. Qd3 Rc8 21. a4 Qc7 22. Qxh7 b6 23. Qd3 Ng6 24. Kh1 Qf4 25. a5 Rc4 26. Be3 Qc7 27. axb6 axb6 28. Ra8+ Bc8 29. Qa3 Rc3 30. Qa7 Qe5 31. Bf2 Qh5 32. Qxb6 Rh8 33. h3 Nf4 34. Bc5 1-0

[Event "BL2-Sued 0708"]
[Site "Germany"]
[Date "2008.01.20"]
[Round "5.5"]
[White "Gamer, Torsten"]
[Black "Netzer, Jean"]
[Result "1/2-1/2"]
[WhiteElo "2269"]
[BlackElo "2393"]
[PlyCount "75"]
[EventDate "2007.10.21"]
[EventType "team-tourn"]
[EventRounds "9"]
[EventCountry "GER"]
[SourceTitle "EXT 2009"]
[Source "ChessBase"]
[SourceDate "2008.11.26"]
[SourceVersion "1"]
[SourceVersionDate "2008.11.26"]
[SourceQuality "1"]
[WhiteTeam "Untergrombach"]
[BlackTeam "Baden-Baden II"]
[WhiteTeamCountry "GER"]
[BlackTeamCountry "GER"]

1. d4 d6 2. e4 g6 3. Nc3 Bg7 4. Be3 a6 5. Qd2 Nd7 6. f3 c6 7. h4 b5 8. h5 gxh5 9. Nge2 Nb6 10. Ng3 Nf6 11. Bh6 Bxh6 12. Qxh6 Qc7 13. Nxh5 Nxh5 14. Rxh5 Be6 15. d5 cxd5 16. exd5 Bd7 17. 0-0-0 0-0-0 18. a4 bxa4 19. Bxa6+ Kb8 20. Qe3 a3 21. bxa3 Qa7 22. Qd3 Bc8 23. Bxc8 Rxc8 24. Rh4 Rc5 25. Nb5 Qa5 26. Rb4 Rhc8 27. Nd4 Rc3 28. Qb5 Qxb5 29. Rxb5 Kb7 30. a4 Ka6 31. Nc6 Nxd5 32. Nb8+ Ka7 33. Rdxd5 Rxc2+ 34. Kd1 Rc1+ 35. Kd2 R1c2+ 36. Kd1 Rc1+ 37. Kd2 R1c2+ 38. Kd1 1/2-1/2

[Event "BL2-Sued 0607"]
[Site "Germany"]
[Date "2006.11.19"]
[Round "3.6"]
[White "Wandel, Dietrich"]
[Black "Gamer, Torsten"]
[Result "0-1"]
[WhiteElo "2250"]
[BlackElo "2255"]
[PlyCount "76"]
[EventDate "2006.10.15"]
[EventType "team-tourn"]
[EventRounds "9"]
[EventCountry "GER"]
[SourceTitle "EXT 2008"]
[Source "ChessBase"]
[SourceDate "2007.11.25"]
[SourceVersion "1"]
[SourceVersionDate "2007.11.25"]
[SourceQuality "1"]
[WhiteTeam "Bebenhausen"]
[BlackTeam "Untergrombach"]
[WhiteTeamCountry "GER"]
[BlackTeamCountry "GER"]

1. e4 d5 2. exd5 Qxd5 3. Nc3 Qa5 4. d4 c6 5. Bd2 Bf5 6. g4 Bg6 7. f4 e6 8. Qe2 Ne7 9. d5 cxd5 10. f5 Nxf5 11. gxf5 Bxf5 12. Nb5 Qd8 13. Bf4 Na6 14. Nf3 Be7 15. Rg1 0-0 16. Nbd4 Bg6 17. Ne5 Bh4+ 18. Bg3 Bg5 19. Ndf3 Bf6 20. Nxg6 hxg6 21. Be5 Rc8 22. c3 Rc4 23. Nd2 Rc6 24. Bxf6 Qxf6 25. Qf3 Qe5+ 26. Be2 d4 27. Rg3 dxc3 28. bxc3 Nc5 29. Nc4 Qc7 30. Rd1 e5 31. Qd5 e4 32. Ne5 Re6 33. Nd7 Nd3+ 34. Bxd3 exd3+ 35. Kf1 Rd6 36. Qe5 Qxd7 37. Re3 Rf6+ 38. Kg1 Qg4+ 0-1

[Event "Oberliga Baden 0506"]
[Site "Germany"]
[Date "2006.01.15"]
[Round "5.6"]
[White "Gamer, Torsten"]
[Black "Kopp, Berthold"]
[Result "1-0"]
[WhiteElo "2243"]
[BlackElo "2259"]
[PlyCount "71"]
[EventDate "2005.10.23"]
[EventType "team-tourn"]
[EventRounds "9"]
[EventCountry "GER"]
[SourceTitle "EXT 2007"]
[Source "ChessBase"]
[SourceDate "2006.11.23"]
[SourceVersion "1"]
[SourceVersionDate "2006.11.23"]
[SourceQuality "1"]
[WhiteTeam "Untergrombach"]
[BlackTeam "Lahr"]
[WhiteTeamCountry "GER"]
[BlackTeamCountry "GER"]

1. d4 Nf6 2. Bg5 d5 3. Bxf6 exf6 4. e3 c6 5. c4 dxc4 6. Bxc4 Bb4+ 7. Nd2 Qa5 8. a3 Bd6 9. Ne2 0-0 10. Qc2 Re8 11. Bd3 h6 12. 0-0 Qc7 13. Ng3 Nd7 14. Nde4 Nf8 15. Rac1 Be6 16. f4 Qe7 17. Qf2 Rac8 18. Kh1 Bb8 19. Nh5 f5 20. Qg3 Ng6 21. Nc5 Kh7 22. Qh3 b6 23. Nxe6 fxe6 24. e4 Nh4 25. exf5 exf5 26. Bxf5+ Nxf5 27. Qxf5+ Kh8 28. Qg6 c5 29. Rce1 Qd7 30. Rxe8+ Rxe8 31. Nxg7 Re7 32. Qxh6+ Kg8 33. Nh5 Qxd4 34. Qg6+ Kh8 35. Nf6 Qd8 36. Qh6+ 1-0

[Event "Oberliga Baden 0304 "]
[Site "Germany"]
[Date "2003.12.14"]
[Round "4.6"]
[White "Eidinger, Helmut"]
[Black "Gamer, Torsten"]
[Result "1/2-1/2"]
[WhiteElo "2145"]
[BlackElo "2242"]
[PlyCount "82"]
[EventDate "2003.10.12"]
[EventType "team-tourn"]
[EventRounds "9"]
[EventCountry "GER"]
[SourceTitle "EXT 2006"]
[Source "ChessBase"]
[SourceDate "2005.11.24"]
[SourceVersion "1"]
[SourceVersionDate "2005.11.24"]
[SourceQuality "1"]
[WhiteTeam "Waldshut Tiengen"]
[BlackTeam "Untergrombach"]
[WhiteTeamCountry "GER"]
[BlackTeamCountry "GER"]

1. g3 d5 2. Nf3 c6 3. Bg2 Bf5 4. 0-0 h6 5. b3 e6 6. Bb2 Nf6 7. d3 Be7 8. Nbd2 0-0 9. Re1 Bh7 10. e4 dxe4 11. Nxe4 Nbd7 12. Qe2 Re8 13. Rad1 Qc7 14. a4 Rad8 15. Qe3 a6 16. Qc1 Nxe4 17. dxe4 Bf6 18. e5 Be7 19. Nd2 Nb6 20. Be4 Rd7 21. Bxh7+ Kxh7 22. Ne4 Red8 23. Rxd7 Rxd7 24. Rd1 Kg8 25. c4 Qd8 26. Nd6 c5 27. Qf4 Bg5 28. Qg4 Nc8 29. h4 Be7 30. Kh2 Nxd6 31. exd6 Bf6 32. Bxf6 Qxf6 33. Qe2 Qf5 34. Rd2 f6 35. f4 Kf7 36. a5 g6 37. Qe3 h5 38. Kg2 e5 39. fxe5 Qxe5 40. Qh6 Rxd6 41. Rxd6 Qxd6 1/2-1/2

[Event "Baden-ch BM"]
[Site "Karlsruhe"]
[Date "2003.04.19"]
[Round "3.2"]
[White "Gamer, Torsten"]
[Black "Dobosz, Henryk"]
[Result "0-1"]
[WhiteElo "2246"]
[BlackElo "2438"]
[PlyCount "122"]
[EventDate "2003.04.18"]
[EventType "swiss"]
[EventRounds "11"]
[EventCountry "GER"]
[SourceTitle "EXT 2004"]
[Source "ChessBase"]
[SourceDate "2003.11.25"]
[SourceVersion "1"]
[SourceVersionDate "2003.11.25"]
[SourceQuality "1"]

1. d4 b6 2. e4 Bb7 3. Bd3 e6 4. Nf3 c5 5. c3 Nf6 6. Qe2 Be7 7. 0-0 Qc8 8. Re1 d5 9. e5 Ne4 10. Nbd2 Nxd2 11. Bxd2 Ba6 12. c4 dxc4 13. Bxc4 Bxc4 14. Qxc4 Qa6 15. Rac1 Qxc4 16. Rxc4 b5 17. Rc2 Na6 18. dxc5 Bxc5 19. Rec1 Bb6 20. Kf1 Kd7 21. Ke2 Nc7 22. Be3 Nd5 23. Bxb6 axb6 24. a3 Ra4 25. g3 h6 26. Rd2 Rha8 27. Nd4 b4 28. b3 Rxa3 29. Nb5 Rxb3 30. Rc7+ Ke8 31. Nd6+ Kf8 32. Rxf7+ Kg8 33. Rb7 Rba3 34. Nc4 R3a7 35. Rxa7 Rxa7 36. Ne3 Nc3+ 37. Kf3 Ra5 38. Nc4 Rc5 39. Nxb6 Rxe5 40. Nc4 Rc5 41. Nb2 Rd5 42. Rc2 Kf7 43. Ke3 Rd7 44. f4 Ke7 45. Rc1 Nd5+ 46. Ke2 Rc7 47. Rxc7+ Nxc7 48. Kf3 Nd5 49. Ke4 Kf6 50. Nc4 b3 51. h3 h5 52. Kd3 h4 53. gxh4 Kf5 54. Nd6+ Kxf4 55. Ne8 e5 56. Nd6 g6 57. Nc4 e4+ 58. Ke2 e3 59. Kd3 Kg3 60. Ne5 Nf4+ 61. Kc3 e2 0-1

[Event "Oberliga Baden 0203"]
[Site "Germany"]
[Date "2003.01.26"]
[Round "5.4"]
[White "Gamer, Torsten"]
[Black "Wiechert, Hans"]
[Result "0-1"]
[WhiteElo "2246"]
[BlackElo "2307"]
[PlyCount "116"]
[EventDate "2002.10.20"]
[EventType "team-tourn"]
[EventRounds "9"]
[EventCountry "GER"]
[SourceTitle "EXT 2018"]
[Source "ChessBase"]
[SourceDate "2017.10.13"]
[SourceVersion "1"]
[SourceVersionDate "2017.10.13"]
[SourceQuality "1"]
[WhiteTeam "Untergrombach"]
[BlackTeam "Kuppenheim"]
[WhiteTeamCountry "GER"]
[BlackTeamCountry "GER"]

1. d4 Nf6 2. Bg5 e6 3. e4 h6 4. Bxf6 Qxf6 5. Nc3 Bb4 6. Qd2 d6 7. Nf3 Nd7 8. Be2 c6 9. a3 Ba5 10. 0-0 0-0 11. Rad1 Re8 12. Rfe1 e5 13. Bf1 Nf8 14. b4 Bb6 15. Na4 Bg4 16. Nxb6 axb6 17. Re3 Ne6 18. d5 Nd4 19. Be2 cxd5 20. exd5 Bxf3 21. Bxf3 Qg5 22. Be2 Rec8 23. Bd3 Nf5 24. Rf3 Qxd2 25. Rxd2 Nd4 26. Re3 Kf8 27. f4 f6 28. fxe5 dxe5 29. Be4 Ra7 30. Kf2 Nb5 31. d6 Nxa3 32. Bf5 Rd8 33. Rc3 Nb1 34. Rcd3 Nxd2 35. Rxd2 Kf7 36. g4 g6 37. Be4 Ke6 38. Bxg6 Rxd6 39. Bf5+ Ke7 40. Re2 Ra3 41. Kg2 Rd4 42. b5 Kd6 43. h3 Rc3 44. Be4 Rc7 45. Kg3 Rb4 46. Kh4 Rc3 47. Bd3 Kd5 48. Re3 Rf4 49. Kh5 Kd4 50. Re1 e4 51. Bf1 Rxf1 52. Rxf1 Rxh3+ 53. Kg6 Rf3 54. Rd1+ Kc3 55. Kxh6 e3 56. Rd7 e2 57. Re7 Kd2 58. Rd7+ Kxc2 0-1

[Event "Oberliga Baden 0203"]
[Site "Germany"]
[Date "2002.11.17"]
[Round "2.4"]
[White "Gasthofer, Viktor"]
[Black "Gamer, Torsten"]
[Result "0-1"]
[WhiteElo "2338"]
[BlackElo "2246"]
[PlyCount "102"]
[EventDate "2002.10.20"]
[EventType "team-tourn"]
[EventRounds "9"]
[EventCountry "GER"]
[SourceTitle "EXT 2018"]
[Source "ChessBase"]
[SourceDate "2017.10.13"]
[SourceVersion "1"]
[SourceVersionDate "2017.10.13"]
[SourceQuality "1"]
[WhiteTeam "Bad Mergentheim"]
[BlackTeam "Untergrombach"]
[WhiteTeamCountry "GER"]
[BlackTeamCountry "GER"]

1. c4 e6 2. Nf3 d5 3. d4 c6 4. Qc2 dxc4 5. Qxc4 b5 6. Qc2 Bb7 7. Nbd2 Nd7 8. Nb3 Ngf6 9. Bd2 a5 10. Rc1 a4 11. Nc5 Nxc5 12. dxc5 Nd7 13. Bb4 Be7 14. g3 0-0 15. Bg2 Qc7 16. 0-0 e5 17. Rfd1 Bc8 18. Bh3 Rd8 19. e4 Nf8 20. Bxc8 Raxc8 21. Rxd8 Bxd8 22. Rd1 f6 23. Qc3 Qf7 24. a3 Bc7 25. Kg2 Ne6 26. h4 Rd8 27. Rxd8+ Bxd8 28. Qd3 Bc7 29. Kh2 Qe7 30. Qc3 Qd7 31. b3 axb3 32. Qxb3 Kf7 33. Kg2 Bd8 34. a4 bxa4 35. Qxa4 Be7 36. Qc2 Qa7 37. h5 Bxc5 38. Be1 Qb6 39. Nh4 g6 40. hxg6+ hxg6 41. Qc4 Qb5 42. Qc2 Nd4 43. Qa2+ Qb3 44. Qa6 Be7 45. Qc8 g5 46. Nf5 Qf3+ 47. Kh2 Qxe4 48. Nxe7 Nf3+ 49. Kh3 g4+ 50. Kg2 Nd2+ 51. Kh2 Qh7+ 0-1

[Event "DLM U20"]
[Site "Werfen"]
[Date "2002.07.31"]
[Round "5.1"]
[White "Gamer, Torsten"]
[Black "Bromberger, Stefan"]
[Result "1/2-1/2"]
[WhiteElo "2256"]
[BlackElo "2411"]
[PlyCount "147"]
[EventDate "2002.07.28"]
[EventType "team-swiss"]
[EventRounds "7"]
[EventCountry "GER"]
[SourceTitle "CBM 089 Extra"]
[Source "ChessBase"]
[SourceDate "2002.09.10"]
[SourceVersion "2"]
[SourceVersionDate "2002.09.10"]
[SourceQuality "1"]

1. d4 e6 2. c4 Nf6 3. Nc3 c5 4. e3 d5 5. Nf3 Nc6 6. a3 a6 7. dxc5 Bxc5 8. b4 Bd6 9. cxd5 exd5 10. Bb2 0-0 11. Be2 Be6 12. 0-0 Rc8 13. Rc1 Qe7 14. Qa4 d4 15. exd4 Nd5 16. Nxd5 Bxd5 17. Qd1 Qe6 18. Rc3 Rfe8 19. Re3 Qg6 20. Bd3 Qh6 21. Ne5 Qf4 22. Rfe1 Bxe5 23. dxe5 Rcd8 24. Qc1 Qg4 25. Rg3 Qe6 26. Qg5 g6 27. Qh6 f5 28. h4 Rd7 29. h5 Rg7 30. hxg6 hxg6 31. Qg5 Qe7 32. e6 Qxg5 33. Rxg5 Ne7 34. Bxg7 Kxg7 35. f4 Kf6 36. Rg3 Bxe6 37. Rge3 Nd5 38. Rf3 Rc8 39. g3 Nc3 40. Rfe3 Bd5 41. Bf1 Ne4 42. Bg2 Rc2 43. g4 a5 44. bxa5 Rc5 45. Bxe4 Bxe4 46. Rxe4 fxe4 47. Rxe4 Rxa5 48. a4 b5 49. axb5 Rxb5 50. Kf2 Rb3 51. Re3 Rb4 52. Kf3 Rb5 53. Rc3 Rb6 54. Rc5 Rb3+ 55. Ke4 Rb4+ 56. Ke3 Rb3+ 57. Kd4 Rb4+ 58. Rc4 Rb5 59. Rc6+ Kf7 60. Rd6 Rb1 61. g5 Rd1+ 62. Ke5 Re1+ 63. Kd5 Rd1+ 64. Kc6 Rc1+ 65. Kd7 Rc4 66. Rf6+ Kg7 67. Kd6 Ra4 68. Ke5 Ra5+ 69. Ke4 Ra4+ 70. Kf3 Ra3+ 71. Kg4 Rb3 72. Ra6 Rc3 73. Ra7+ Kg8 74. Ra8+ 1/2-1/2